[Event "FRA-chT 0102 U18"]
[Site "France"]
[Date "2002.??.??"]
[Round "7.8"]
[White "Bourgeois, Clement"]
[Black "Netzer, Jacques"]
[Result "0-1"]
[WhiteElo "1009"]
[BlackElo "1370"]
[PlyCount "46"]
[EventDate "2001.10.??"]
[EventType "team"]
[EventRounds "11"]
[EventCountry "FRA"]
[SourceTitle "EXT 2003"]
[Source "ChessBase"]
[SourceDate "2002.11.25"]
[SourceVersion "1"]
[SourceVersionDate "2002.11.25"]
[SourceQuality "1"]
[WhiteTeam "Livry Gargan"]
[BlackTeam "Bischwiller"]
[WhiteTeamCountry "FRA"]
[BlackTeamCountry "FRA"]

1. e4 e5 2. Nf3 Nc6 3. Nc3 Nf6 4. Bc4 Nxe4 5. Nxe4 d5 6. Bxd5 Qxd5 7. d3 Bg4 8. Bg5 f5 9. Ned2 h6 10. Bh4 g5 11. h3 Bxf3 12. Nxf3 gxh4 13. Nxh4 0-0-0 14. Nxf5 Qxg2 15. Rf1 Qxh3 16. Qe2 Qxf5 17. 0-0-0 Nd4 18. Qd2 h5 19. Qa5 Nc6 20. Qa3 Bxa3 21. bxa3 e4 22. dxe4 Rxd1+ 23. Rxd1 Qxe4 0-1

[Event "FRA-chT 0102 U18"]
[Site "France"]
[Date "2001.11.??"]
[Round "1.9"]
[White "Bourgeois, Clement"]
[Black "Blanchard, Esteban"]
[Result "0-1"]
[WhiteElo "1009"]
[BlackElo "1360"]
[PlyCount "56"]
[EventDate "2001.10.??"]
[EventType "team"]
[EventRounds "11"]
[EventCountry "FRA"]
[SourceTitle "EXT 2003"]
[Source "ChessBase"]
[SourceDate "2002.11.25"]
[SourceVersion "1"]
[SourceVersionDate "2002.11.25"]
[SourceQuality "1"]
[WhiteTeam "Livry Gargan"]
[BlackTeam "Sautron"]
[WhiteTeamCountry "FRA"]
[BlackTeamCountry "FRA"]

1. e4 c5 2. Nf3 d6 3. Nc3 Nf6 4. Bc4 e6 5. d3 a6 6. Bf4 Nc6 7. Qd2 Be7 8. 0-0-0 b5 9. e5 dxe5 10. Qe3 exf4 11. Qxf4 bxc4 12. Qxc4 0-0 13. Qh4 Nd5 14. Ng5 Bxg5+ 15. f4 Bxh4 16. Ne4 Be7 17. g4 Nxf4 18. Rhf1 Ng6 19. Rf3 Bg5+ 20. Kb1 Rb8 21. Ng3 Qb6 22. b3 a5 23. Re1 a4 24. Kb2 axb3 25. cxb3 Qb4 26. Ref1 Qd2+ 27. Kb1 Bf6 28. Nh5 Qb2# 0-1